000 00500nam a2200181Ia 4500
005 20250326125606.0
008 250326s9999 xx 000 0 und d
037 _aTextbook
040 _aFMSL
_beng
_cFMSL
041 _aeng
_2eng
084 _aX8(J):77.44 L1
_qFMSL
100 _aRAPROTEUR
_9739349
245 0 _aEconomics of green revolution
_cRAPROTEUR
260 _aBombay
_bBombay, Popular
_c1971
300 _a85p
942 _cTB
_hX8(J):77.44 L1
999 _c1278715
_d1278715